zpět

Detail výsledku týmu

Oskar klub, Neratovice

Datum a čas kvízu

34 Celkem bodů Celkový počet nahraných bodů na tomto kvízu bez doplňovacích otázek.
4. Pořadí na kvízu Konečné umístění týmu na tomto kvízu.

Zaznamenané odpovědi

# Otázka Odpověď Body Výsledky
1. Český internet se minulý týden... Marta Nováková 1
2. Saúdská Arábie jmenovala svoji... Spojené státy americké 1
3. Krimikomedii Úhoři mají nabito... Vladimír Michálek 1
4. Dva obchodní řetězce ze skupin... Billa, Penny Market 1
5. Kterému z těchto týmů se nepod... C 1
6. Cestovatel Miroslav Zikmund os... Tatra 87 0
7. Na začátku své výpravy, dne 8.... Casablanca, Maroko 0.5
8. Dne 28. ledna 1948 vztyčili ce... C 1
9. V prvním červencovém týdnu se... Buenos Aires 1
10. V Kongu zažili Zikmund s Hanze... zrození sopky (Vovokvabiti) 0